| 000 | 00463nam a22001697a 4500 | ||
|---|---|---|---|
| 005 | 20251108170526.0 | ||
| 008 | 250721s2003 xx 000 0 ara d | ||
| 082 | 1 | 4 | _aم/306/سلي |
| 100 | 1 | _aسليمان، نايف | |
| 245 | 1 | 0 | _aموسوعة " من الإستفهامية / |
| 264 | 1 |
_aعمان : _c2003. |
|
| 300 | _a370ص | ||
| 650 | 1 | 7 | _aالموسوعات العامة |
| 650 | 1 | 7 | _aالمعارف العامة |
| 942 |
_2ddc _cBK |
||
| 999 |
_c42619 _d42619 |
||